[Event "Muensterland op 24th"]
[Site "Senden"]
[Date "2006.10.10"]
[Round "5"]
[White "Zelbel, Patrick"]
[Black "Glaser, Wolfgang"]
[Result "1-0"]
[WhiteElo "2079"]
[BlackElo "2239"]
[PlyCount "67"]
[EventDate "2006.10.07"]
[EventType "swiss"]
[EventRounds "9"]
[EventCountry "GER"]
[SourceTitle "CBM 114 Extra"]
[Source "ChessBase"]
[SourceDate "2006.11.03"]
[SourceVersion "1"]
[SourceVersionDate "2006.11.03"]
[SourceQuality "1"]

1. e4 e6 2. d4 d5 3. Nd2 Nf6 4. e5 Nfd7 5. Bd3 c5 6. c3 Nc6 7. Ne2 b6 8. 0-0 cxd4 9. cxd4 Nb4 10. Bb1 Ba6 11. Nf3 Rc8 12. a3 Nc6 13. Bd3 Bxd3 14. Qxd3 Be7 15. Bd2 Ndb8 16. Rfc1 0-0 17. b4 Qd7 18. Bg5 f6 19. exf6 gxf6 20. Bh6 Rf7 21. b5 Na5 22. Rxc8+ Qxc8 23. Rc1 Qe8 24. Nd2 Nd7 25. Nf4 Bf8 26. Bxf8 Nxf8 27. Qe2 Qd7 28. Rc3 Qd6 29. Nh5 e5 30. Nf3 Ng6 31. dxe5 fxe5 32. Ng5 Rf8 33. Qd2 d4 34. Qa2+ 1-0

[Event "Regionalliga SW 0102"]
[Site "Bayern"]
[Date "2001.10.07"]
[Round "1.1"]
[White "Glaser, Wolfgang"]
[Black "Kostic, Vladimir G"]
[Result "1-0"]
[WhiteElo "2140"]
[BlackElo "2455"]
[PlyCount "93"]
[EventDate "2001.10.07"]
[EventType "team"]
[EventRounds "9"]
[EventCountry "GER"]
[SourceTitle "EXT 2003"]
[Source "ChessBase"]
[SourceDate "2002.11.25"]
[SourceVersion "1"]
[SourceVersionDate "2002.11.25"]
[SourceQuality "1"]
[WhiteTeam "Lauingen"]
[BlackTeam "Muenchen Suedost"]
[WhiteTeamCountry "GER"]
[BlackTeamCountry "GER"]

1. e4 c5 2. Nf3 d6 3. d4 cxd4 4. Nxd4 Nf6 5. Nc3 a6 6. a4 e5 7. Nb3 Be6 8. Be2 b6 9. 0-0 Nbd7 10. Bf3 Be7 11. Re1 0-0 12. Nd2 Qc7 13. Nf1 Rab8 14. Bd2 Rfc8 15. Ne3 Bf8 16. g3 Qd8 17. Qe2 Ra8 18. Bg2 Nb8 19. Ncd5 Nc6 20. c4 Nd4 21. Qd3 Bxd5 22. Nxd5 Nxd5 23. exd5 Qc7 24. Rac1 Qd7 25. b3 g6 26. f4 Bg7 27. fxe5 dxe5 28. a5 Qd6 29. b4 f5 30. axb6 e4 31. Qa3 Qxb6 32. c5 Qb7 33. Qa2 Qf7 34. Qc4 Rd8 35. d6 Qxc4 36. Rxc4 Nc6 37. Bg5 Rd7 38. Bf1 Ne5 39. Rc3 h6 40. Bf4 Kf7 41. Bxe5 Bxe5 42. Rc2 Rb8 43. Bxa6 Kf6 44. b5 Ra7 45. Rd1 Ke6 46. Ra2 Rba8 47. Bc8+ 1-0

[Event "Regionalliga SW 0001"]
[Site "Bayern"]
[Date "2001.04.29"]
[Round "9"]
[White "Schoellmann, Jochen"]
[Black "Glaser, Wolfgang"]
[Result "1-0"]
[WhiteElo "2240"]
[BlackElo "2170"]
[PlyCount "91"]
[EventDate "2000.10.15"]
[EventType "team-tourn"]
[EventRounds "9"]
[EventCountry "GER"]
[SourceTitle "EXT 2020"]
[Source "ChessBase"]
[SourceDate "2019.10.17"]
[SourceVersion "1"]
[SourceVersionDate "2019.10.17"]
[SourceQuality "1"]
[WhiteTeam "Garching"]
[BlackTeam "Lauingen"]
[WhiteTeamCountry "GER"]
[BlackTeamCountry "GER"]

1. e4 e6 2. d4 d5 3. Nc3 Bb4 4. e5 Qd7 5. a3 Bf8 6. f4 b6 7. Nf3 Ne7 8. Be3 Nf5 9. Bf2 h5 10. Nh4 Nxh4 11. Bxh4 Nc6 12. Be2 Be7 13. Bxe7 Qxe7 14. 0-0 g6 15. b4 a5 16. b5 Na7 17. Bf3 Bb7 18. Qd3 0-0-0 19. Nd1 Kb8 20. Ne3 f5 21. exf6 Qxf6 22. g3 Nc8 23. h4 Nd6 24. c3 Rhg8 25. Rab1 Rg7 26. Qc2 Re8 27. Rfe1 Reg8 28. Kh2 Qf7 29. Be2 Qf6 30. Bd3 Rd8 31. Nf1 Rdg8 32. Re3 Bc8 33. Nd2 Bd7 34. Nf3 Nf7 35. c4 Bc8 36. Rbe1 Nh6 37. Ne5 Bb7 38. Kg1 Rd8 39. Nc6+ Bxc6 40. Rxe6 Qf8 41. bxc6 Qxa3 42. Rb1 Re7 43. cxd5 Rxe6 44. Rxb6+ cxb6 45. c7+ Kc8 46. dxe6 1-0

[Event "Regionalliga SW 0001"]
[Site "Bayern"]
[Date "2000.10.15"]
[Round "1.1"]
[White "Schmidt, Bernhard"]
[Black "Glaser, Wolfgang"]
[Result "1-0"]
[WhiteElo "2245"]
[BlackElo "2170"]
[PlyCount "95"]
[EventDate "2000.10.15"]
[EventType "team-tourn"]
[EventRounds "9"]
[EventCountry "GER"]
[SourceTitle "EXT 2020"]
[Source "ChessBase"]
[SourceDate "2019.10.17"]
[SourceVersion "1"]
[SourceVersionDate "2019.10.17"]
[SourceQuality "1"]
[WhiteTeam "Klosterlechfeld"]
[BlackTeam "Lauingen"]
[WhiteTeamCountry "GER"]
[BlackTeamCountry "GER"]

1. d4 Nf6 2. c4 g6 3. Nc3 Bg7 4. e4 d6 5. f4 0-0 6. Nf3 Na6 7. Be2 e5 8. fxe5 dxe5 9. Nxe5 c5 10. Be3 cxd4 11. Bxd4 Qa5 12. 0-0 Nxe4 13. Nxe4 Bxe5 14. Nf6+ Kg7 15. Nd5 Re8 16. Kh1 Nb4 17. Qd2 Nc6 18. Qxa5 Nxa5 19. Nc7 Bxd4 20. Nxe8+ Kf8 21. Nc7 Rb8 22. Rad1 Bxb2 23. Rd8+ Ke7 24. Rfd1 Nc6 25. Re8+ Kf6 26. Bf3 Be5 27. Bxc6 Bxc7 28. Bd7 Bxd7 29. Rxb8 Bc6 30. Rc8 Bb6 31. Rd6+ Ke5 32. Rdxc6 bxc6 33. Rxc6 h5 34. g3 Bd4 35. Kg2 Ke4 36. Rc8 f6 37. Kf1 g5 38. Ke2 Bg1 39. h3 Bh2 40. Kf2 h4 41. gxh4 gxh4 42. c5 Kd5 43. Kf3 Bg3 44. Kg4 Bf2 45. c6 Kd6 46. Kf5 Bb6 47. Kxf6 Bc7 48. Kg5 1-0

[Event "Regionalliga SW 9900"]
[Site "Bayern"]
[Date "2000.??.??"]
[Round "9.1"]
[White "Glaser, Wolfgang"]
[Black "Maugg, Ludwig"]
[Result "1/2-1/2"]
[WhiteElo "2125"]
[BlackElo "2125"]
[PlyCount "87"]
[EventDate "1999.??.??"]
[EventType "team-tourn"]
[EventRounds "9"]
[EventCountry "GER"]
[SourceTitle "EXT 2020"]
[Source "ChessBase"]
[SourceDate "2019.10.17"]
[SourceVersion "1"]
[SourceVersionDate "2019.10.17"]
[SourceQuality "1"]
[WhiteTeam "Lauingen"]
[BlackTeam "Sonthofen"]
[WhiteTeamCountry "GER"]
[BlackTeamCountry "GER"]

1. e4 c5 2. Nf3 Nc6 3. d4 cxd4 4. Nxd4 Nf6 5. Nc3 e5 6. Ndb5 d6 7. Bg5 a6 8. Na3 b5 9. Nd5 Be7 10. Bxf6 Bxf6 11. c3 Rb8 12. Nc2 Bg5 13. Qf3 0-0 14. h4 Bh6 15. g4 Bf4 16. Rd1 Be6 17. Be2 Bxd5 18. Rxd5 Ne7 19. Rd1 Qb6 20. Nb4 Rbc8 21. Nd3 Rfd8 22. Nxf4 exf4 23. Qxf4 d5 24. e5 Qe6 25. Bd3 f6 26. 0-0 fxe5 27. Qg3 e4 28. Be2 Nc6 29. g5 Ne5 30. f4 exf3 31. Bxf3 Nxf3+ 32. Rxf3 Rc4 33. Rf4 Rxf4 34. Qxf4 Rf8 35. Qd4 Rf5 36. Rf1 Rxf1+ 37. Kxf1 Qh3+ 38. Ke1 Qh1+ 39. Kd2 Qg2+ 40. Kd3 Qf1+ 41. Ke3 Qh3+ 42. Ke2 Qg2+ 43. Kd3 Qf1+ 44. Ke3 1/2-1/2

[Event "Regionalliga SW 9899"]
[Site "Bayern"]
[Date "1999.??.??"]
[Round "5.1"]
[White "Glaser, Wolfgang"]
[Black "Kraenzle, Harald"]
[Result "1/2-1/2"]
[WhiteElo "2130"]
[BlackElo "2160"]
[PlyCount "83"]
[EventDate "1998.??.??"]
[EventType "team-tourn"]
[EventRounds "9"]
[EventCountry "GER"]
[SourceTitle "EXT 2020"]
[Source "ChessBase"]
[SourceDate "2019.10.17"]
[SourceVersion "1"]
[SourceVersionDate "2019.10.17"]
[SourceQuality "1"]
[WhiteTeam "Lauingen"]
[BlackTeam "Garching"]
[WhiteTeamCountry "GER"]
[BlackTeamCountry "GER"]

1. e4 d5 2. exd5 Qxd5 3. Nc3 Qa5 4. d4 Nf6 5. Nf3 Bf5 6. Bc4 e6 7. Bd2 c6 8. Qe2 Bb4 9. Ne5 Nbd7 10. 0-0-0 Nb6 11. Bb3 Nbd5 12. Nc4 Qc7 13. Nxd5 Bxd2+ 14. Rxd2 Nxd5 15. Ne3 Nxe3 16. Qxe3 0-0 17. c3 a5 18. f4 b5 19. Qe5 Rac8 20. Re1 Rfd8 21. Qxc7 Rxc7 22. Re5 a4 23. Bd1 f6 24. Rc5 Be4 25. b3 axb3 26. Bxb3 Bd5 27. g4 Ra8 28. f5 Bxb3 29. axb3 exf5 30. gxf5 Kf7 31. d5 Ra1+ 32. Kc2 Ra2+ 33. Kd1 Rxd2+ 34. Kxd2 Rd7 35. c4 bxc4 36. bxc4 cxd5 37. cxd5 Ke7 38. Kd3 Ra7 39. Rc6 Kd7 40. Rb6 Kc7 41. Re6 Kd7 42. Rb6 1/2-1/2

[Event "Regionalliga SW 9899"]
[Site "Bayern"]
[Date "1999.??.??"]
[Round "6.1"]
[White "Nissen, Jens"]
[Black "Glaser, Wolfgang"]
[Result "0-1"]
[WhiteElo "2090"]
[BlackElo "2130"]
[PlyCount "106"]
[EventDate "1998.??.??"]
[EventType "team-tourn"]
[EventRounds "9"]
[EventCountry "GER"]
[SourceTitle "EXT 2020"]
[Source "ChessBase"]
[SourceDate "2019.10.17"]
[SourceVersion "1"]
[SourceVersionDate "2019.10.17"]
[SourceQuality "1"]
[WhiteTeam "Pasing II"]
[BlackTeam "Lauingen"]
[WhiteTeamCountry "GER"]
[BlackTeamCountry "GER"]

1. e4 e6 2. d4 d5 3. Nd2 Nf6 4. e5 Nfd7 5. Bd3 c5 6. c3 b6 7. Ne2 Ba6 8. Bxa6 Nxa6 9. 0-0 Be7 10. f4 0-0 11. Nf3 f5 12. exf6 Bxf6 13. Ne5 c4 14. b3 Rc8 15. bxc4 Bxe5 16. cxd5 Bd6 17. dxe6 Nf6 18. f5 Kh8 19. Bf4 Bxf4 20. Rxf4 Nd5 21. Rf3 b5 22. a4 b4 23. Qd3 Nxc3 24. Nf4 Nc7 25. Rh3 Rf6 26. Re1 N3d5 27. Ng6+ Rxg6 28. fxg6 h6 29. Qd2 Kg8 30. Rf3 Qd6 31. e7 Nxe7 32. Rfe3 Nxg6 33. Qc2 Rd8 34. d5 Nxd5 35. Qc4 Kh7 36. Re6 Qf4 37. Qa2 Qf7 38. Qc2 Nf6 39. Qf5 Kg8 40. Qa5 Rf8 41. Qxb4 Ne4 42. Qxf8+ Qxf8 43. R6xe4 Qc5+ 44. Kh1 Qg5 45. g3 Kh7 46. Re8 Qd5+ 47. R1e4 Nf8 48. R8e5 Qc6 49. Kg1 Nd7 50. Re7 Nf6 51. R4e6 Qc5+ 52. Kg2 Nd5 53. Re5 Qxe7 0-1

[Event "Regionalliga SW 9798"]
[Site "Bayern"]
[Date "1998.??.??"]
[Round "?.2"]
[White "Antemia, Paul"]
[Black "Glaser, Wolfgang"]
[Result "0-1"]
[WhiteElo "2070"]
[BlackElo "2100"]
[PlyCount "59"]
[EventDate "1997.10.??"]
[EventType "team-tourn"]
[EventRounds "9"]
[EventCountry "GER"]
[SourceTitle "EXT 2020"]
[Source "ChessBase"]
[SourceDate "2019.10.17"]
[SourceVersion "1"]
[SourceVersionDate "2019.10.17"]
[SourceQuality "1"]
[WhiteTeam "Tuerkheim"]
[BlackTeam "Lauingen"]
[WhiteTeamCountry "GER"]
[BlackTeamCountry "GER"]

1. c4 Nf6 2. Nf3 d6 3. g3 g6 4. Bg2 Bg7 5. Nc3 0-0 6. 0-0 e5 7. d3 a5 8. Rb1 c6 9. a3 Bf5 10. h3 Qd7 11. Kh2 h6 12. b4 axb4 13. axb4 e4 14. Nh4 exd3 15. exd3 Be6 16. Na4 Qd8 17. Be3 Nbd7 18. f4 Nh5 19. Nf3 b5 20. cxb5 cxb5 21. Nb2 Ba2 22. Nd4 Bxb1 23. Qxb1 Re8 24. Bf2 Rc8 25. Nxb5 Re2 26. Nc4 d5 27. Bxd5 Ne5 28. Nbd6 Nxc4 29. Nxc8 Qxd5 30. Ne7+ 0-1

[Event "Regionalliga SW 9798"]
[Site "Bayern"]
[Date "1998.??.??"]
[Round "?.2"]
[White "Lutz, Gerhard"]
[Black "Glaser, Wolfgang"]
[Result "0-1"]
[WhiteElo "1773"]
[BlackElo "2080"]
[PlyCount "56"]
[EventDate "1997.10.??"]
[EventType "team-tourn"]
[EventRounds "9"]
[EventCountry "GER"]
[SourceTitle "EXT 2020"]
[Source "ChessBase"]
[SourceDate "2019.10.17"]
[SourceVersion "1"]
[SourceVersionDate "2019.10.17"]
[SourceQuality "1"]
[WhiteTeam "Garching"]
[BlackTeam "Lauingen"]
[WhiteTeamCountry "GER"]
[BlackTeamCountry "GER"]

1. e4 e6 2. d4 d5 3. Nd2 Nf6 4. e5 Nfd7 5. f4 c5 6. c3 Nc6 7. Ndf3 cxd4 8. cxd4 Be7 9. Bd3 Qb6 10. Ne2 f6 11. a3 fxe5 12. fxe5 0-0 13. Qc2 Rxf3 14. gxf3 Nxd4 15. Nxd4 Qxd4 16. f4 Bh4+ 17. Kf1 Nxe5 18. Bxh7+ Kh8 19. Kg2 Nc4 20. Rf1 Bd7 21. Bd3 Rf8 22. Qe2 Rf6 23. Rb1 e5 24. fxe5 Bg4 25. Rxf6 gxf6 26. Qf1 Nxe5 27. Bf5 Bf3+ 28. Kh3 Bf2 0-1

[Event "Regionalliga SW 9899"]
[Site "Bayern"]
[Date "1998.??.??"]
[Round "2.1"]
[White "Waelzel, Helmut"]
[Black "Glaser, Wolfgang"]
[Result "1/2-1/2"]
[WhiteElo "2265"]
[BlackElo "2130"]
[PlyCount "53"]
[EventDate "1998.??.??"]
[EventType "team-tourn"]
[EventRounds "9"]
[EventCountry "GER"]
[SourceTitle "EXT 2020"]
[Source "ChessBase"]
[SourceDate "2019.10.17"]
[SourceVersion "1"]
[SourceVersionDate "2019.10.17"]
[SourceQuality "1"]
[WhiteTeam "Haar"]
[BlackTeam "Lauingen"]
[WhiteTeamCountry "GER"]
[BlackTeamCountry "GER"]

1. c4 Nf6 2. Nc3 d6 3. d4 c6 4. Nf3 g6 5. Bf4 Bg7 6. h3 0-0 7. e3 a6 8. Be2 b5 9. 0-0 Bb7 10. b4 bxc4 11. Bxc4 Nbd7 12. Rb1 Nb6 13. Bb3 Bc8 14. Qd2 Bf5 15. Rbc1 Qd7 16. Na4 Rab8 17. Qe2 Nbd5 18. a3 Nxf4 19. exf4 a5 20. Ng5 h6 21. Nxf7 Rxf7 22. Bxf7+ Kxf7 23. bxa5 Rb5 24. Nb6 Qe6 25. Qd2 Ne4 26. Qe3 Rb3 27. d5 1/2-1/2

[Event "Regionalliga SW 9697"]
[Site "Bayern"]
[Date "1997.??.??"]
[Round "?"]
[White "Kuehn, Manfred"]
[Black "Glaser, Wolfgang"]
[Result "1-0"]
[WhiteElo "2160"]
[BlackElo "2120"]
[PlyCount "89"]
[EventDate "1996.10.??"]
[EventType "team-tourn"]
[EventRounds "9"]
[EventCountry "GER"]
[SourceTitle "EXT 1999"]
[Source "ChessBase"]
[SourceDate "1998.11.16"]
[SourceVersion "1"]
[SourceVersionDate "1998.11.16"]
[SourceQuality "1"]
[WhiteTeam "Garching"]
[BlackTeam "Lauingen"]
[WhiteTeamCountry "GER"]
[BlackTeamCountry "GER"]

1. e4 e6 2. d4 d5 3. e5 c5 4. Nf3 Nc6 5. Bd3 cxd4 6. 0-0 Nge7 7. Bf4 Ng6 8. Bg3 Qb6 9. Qc1 Bd7 10. a3 Rc8 11. Nbd2 a5 12. Re1 Be7 13. h4 Qd8 14. h5 Nh4 15. Nh2 g6 16. Bxh4 Bxh4 17. Ndf3 Be7 18. Qh6 Bf8 19. Qf4 gxh5 20. Ng5 Qe7 21. Nxh7 Kd8 22. Nf3 Kc7 23. Nxf8 Qxf8 24. Nxd4 Nxd4 25. Qxd4 Kb8 26. b4 a4 27. b5 Rg8 28. Qxa4 Rg4 29. Qb3 Qg7 30. Bf1 Rg8 31. Qf3 b6 32. a4 Bc8 33. a5 bxa5 34. Rxa5 Bb7 35. Rea1 Qg6 36. c4 dxc4 37. Ra8+ Kc7 38. b6+ Kxb6 39. Qe3+ Kc6 40. Rxg8 Qxg8 41. Rb1 Qd8 42. Be2 Rd4 43. Bf3+ Rd5 44. Bxd5+ exd5 45. Qh6+ 1-0

[Event "Regionalliga SW 9798"]
[Site "Bayern"]
[Date "1997.??.??"]
[Round "?.2"]
[White "Schlemmer, Hans"]
[Black "Glaser, Wolfgang"]
[Result "1/2-1/2"]
[WhiteElo "2170"]
[BlackElo "2080"]
[PlyCount "124"]
[EventDate "1997.10.??"]
[EventType "team-tourn"]
[EventRounds "9"]
[EventCountry "GER"]
[SourceTitle "EXT 2020"]
[Source "ChessBase"]
[SourceDate "2019.10.17"]
[SourceVersion "1"]
[SourceVersionDate "2019.10.17"]
[SourceQuality "1"]
[WhiteTeam "Obermenzing"]
[BlackTeam "Lauingen"]
[WhiteTeamCountry "GER"]
[BlackTeamCountry "GER"]

1. e4 e6 2. d4 d5 3. Nd2 Nf6 4. e5 Nfd7 5. c3 c5 6. f4 cxd4 7. cxd4 Nc6 8. Ndf3 Bb4+ 9. Bd2 Qa5 10. Bd3 Bxd2+ 11. Qxd2 Qxd2+ 12. Kxd2 Nb6 13. Ne2 Nb4 14. Rhc1 Nxd3 15. Kxd3 Bd7 16. b3 Bb5+ 17. Kd2 Bxe2 18. Kxe2 Kd7 19. Rc5 h6 20. Ne1 Rhc8 21. Nd3 Kd8 22. Rf1 Nd7 23. Rxc8+ Rxc8 24. Kd2 g6 25. g4 Ke7 26. f5 gxf5 27. gxf5 Rg8 28. f6+ Kd8 29. Nf4 Rg4 30. Ke3 Nf8 31. Rf3 Ng6 32. Nxg6 Rxg6 33. Rg3 a5 34. Kf2 Ke8 35. Kg2 Kf8 36. Kh3 Kg8 37. Rc3 Rg1 38. Rc8+ Kh7 39. Rf8 Rd1 40. Rxf7+ Kg8 41. Rxb7 Rxd4 42. Re7 Re4 43. Rxe6 d4 44. Kg3 d3 45. Rd6 Rxe5 46. Rxd3 Kf7 47. Rf3 Re2 48. Rf2 Re5 49. Rf4 Rd5 50. h3 Rd2 51. Rf2 Rd5 52. Kg4 Rg5+ 53. Kh4 Rd5 54. Kg3 Rg5+ 55. Kh2 Rd5 56. Kg2 Rc5 57. Kf1 Rc1+ 58. Ke2 Rc3 59. h4 Rh3 60. Rf4 Rh2+ 61. Kd3 Rxa2 62. Kc4 Re2 1/2-1/2

[Event "Regionalliga SW 9697"]
[Site "Bayern"]
[Date "1997.??.??"]
[Round "?"]
[White "Schuetz, Guenter"]
[Black "Glaser, Wolfgang"]
[Result "0-1"]
[WhiteElo "2200"]
[BlackElo "2120"]
[PlyCount "64"]
[EventDate "1996.10.??"]
[EventType "team-tourn"]
[EventRounds "9"]
[EventCountry "GER"]
[SourceTitle "EXT 1999"]
[Source "ChessBase"]
[SourceDate "1998.11.16"]
[SourceVersion "1"]
[SourceVersionDate "1998.11.16"]
[SourceQuality "1"]
[WhiteTeam "Muenchen FC Bayern II"]
[BlackTeam "Lauingen"]
[WhiteTeamCountry "GER"]
[BlackTeamCountry "GER"]

1. f4 Nf6 2. Nf3 d5 3. b3 c5 4. Bb2 Nc6 5. e3 Bg4 6. Bb5 e6 7. 0-0 Be7 8. d3 0-0 9. Bxc6 bxc6 10. Nbd2 Nd7 11. Qe1 Bf6 12. Ne5 Nxe5 13. fxe5 Bh4 14. g3 Be7 15. Kg2 f5 16. exf6 Bxf6 17. Bxf6 Rxf6 18. Rf4 Bh5 19. Qg1 Qe7 20. Raf1 Raf8 21. h3 h6 22. Rxf6 Rxf6 23. g4 Bg6 24. Qh2 Rxf1 25. Nxf1 Qf6 26. Kg1 Qc3 27. Qd2 Qa1 28. a4 Kh7 29. h4 Qe5 30. h5 Be8 31. Kg2 Qg5 32. Ng3 Qxg4 0-1

[Event "Regionalliga SW 9697"]
[Site "Bayern"]
[Date "1996.??.??"]
[Round "?"]
[White "Glaser, Wolfgang"]
[Black "Vuckovic, Aleksandar"]
[Result "0-1"]
[WhiteElo "2120"]
[BlackElo "2280"]
[PlyCount "81"]
[EventDate "1996.10.??"]
[EventType "team-tourn"]
[EventRounds "9"]
[EventCountry "GER"]
[SourceTitle "EXT 1999"]
[Source "ChessBase"]
[SourceDate "1998.11.16"]
[SourceVersion "1"]
[SourceVersionDate "1998.11.16"]
[SourceQuality "1"]
[WhiteTeam "Lauingen"]
[BlackTeam "Kriegshaber SK"]
[WhiteTeamCountry "GER"]
[BlackTeamCountry "GER"]

1. e4 c5 2. Nf3 Nc6 3. d4 cxd4 4. Nxd4 g6 5. c4 Bg7 6. Be3 Nf6 7. Nc3 0-0 8. Be2 d6 9. 0-0 Bd7 10. Rc1 Rc8 11. h3 a6 12. b3 Re8 13. Qd2 Qa5 14. Rfd1 Nxd4 15. Bxd4 b5 16. f3 bxc4 17. bxc4 Be6 18. Nb1 Qxd2 19. Nxd2 Nd7 20. Bxg7 Kxg7 21. Nb3 Nc5 22. Rd2 Rc7 23. Nd4 Rb8 24. Nxe6+ Nxe6 25. Rcc2 Rcb7 26. Kf2 Rb1 27. g3 g5 28. e5 dxe5 29. c5 Nd4 30. Rc3 a5 31. c6 Rc8 32. c7 Rb7 33. Rc5 f6 34. Rxa5 Rbxc7 35. Bd1 Rb8 36. f4 gxf4 37. gxf4 Rb5 38. Rxb5 Nxb5 39. fxe5 fxe5 40. Bg4 Nd6 41. a4 0-1

[Event "Regionalliga SW 9596"]
[Site "Bayern"]
[Date "1996.??.??"]
[Round "?"]
[White "Lang, Zalan Andreas"]
[Black "Glaser, Wolfgang"]
[Result "1-0"]
[WhiteElo "2110"]
[BlackElo "2120"]
[PlyCount "79"]
[EventDate "1995.10.??"]
[EventType "team-tourn"]
[EventRounds "9"]
[EventCountry "GER"]
[SourceTitle "EXT 1999"]
[Source "ChessBase"]
[SourceDate "1998.11.16"]
[SourceVersion "1"]
[SourceVersionDate "1998.11.16"]
[SourceQuality "1"]
[WhiteTeam "Haunstetten"]
[BlackTeam "Lauingen"]
[WhiteTeamCountry "GER"]
[BlackTeamCountry "GER"]

1. d4 Nf6 2. c4 d6 3. Nc3 c6 4. Nf3 Bg4 5. e4 Nbd7 6. Be2 e5 7. Be3 Be7 8. 0-0 0-0 9. Rb1 Qc7 10. b4 a6 11. Qc2 Rac8 12. Rfd1 Rfe8 13. h3 Bxf3 14. Bxf3 exd4 15. Bxd4 Ne5 16. Be2 b5 17. cxb5 cxb5 18. Qb3 Qb7 19. Rbc1 Bd8 20. Be3 Nc4 21. Bf4 Bb6 22. Bf3 Qa7 23. Bg3 Re6 24. a4 Ne5 25. axb5 Nxf3+ 26. gxf3 Nh5 27. Kg2 Rd8 28. Rd5 Rh6 29. Qa2 Qd7 30. Rh1 Rc8 31. Qd2 a5 32. Na4 Ba7 33. bxa5 Rc4 34. Nb2 Rc5 35. b6 Bxb6 36. axb6 Rc6 37. Qa5 g6 38. Qa8+ Kg7 39. b7 Rc2 40. b8Q 1-0

[Event "Regionalliga SW 9697"]
[Site "Bayern"]
[Date "1996.??.??"]
[Round "?"]
[White "Mueller, Heinz1111"]
[Black "Glaser, Wolfgang"]
[Result "1/2-1/2"]
[WhiteElo "2165"]
[BlackElo "2120"]
[PlyCount "61"]
[EventDate "1996.10.??"]
[EventType "team-tourn"]
[EventRounds "9"]
[EventCountry "GER"]
[SourceTitle "EXT 1999"]
[Source "ChessBase"]
[SourceDate "1998.11.16"]
[SourceVersion "1"]
[SourceVersionDate "1998.11.16"]
[SourceQuality "1"]
[WhiteTeam "Obermenzing"]
[BlackTeam "Lauingen"]
[WhiteTeamCountry "GER"]
[BlackTeamCountry "GER"]

1. d4 Nf6 2. Nf3 g6 3. b3 Bg7 4. Bb2 d5 5. e3 0-0 6. Nbd2 Nbd7 7. c4 c6 8. Be2 Re8 9. 0-0 Ne4 10. cxd5 Nxd2 11. Qxd2 cxd5 12. Rac1 Qb6 13. Rfd1 Nf6 14. Ne5 Bf5 15. Bd3 Bxd3 16. Qxd3 Rac8 17. f3 a6 18. Qd2 e6 19. Rc2 Rxc2 20. Qxc2 Bh6 21. f4 Bf8 22. Rc1 Bd6 23. Qe2 h5 24. Rc2 Ra8 25. Qe1 Qd8 26. Qc1 Qe7 27. Bc3 Rc8 28. Be1 Rxc2 29. Qxc2 Qc7 30. Qxc7 Bxc7 31. Nd3 1/2-1/2

[Event "Regionalliga SW 9495"]
[Site "Bayern"]
[Date "1995.??.??"]
[Round "?.1"]
[White "Glaser, Wolfgang"]
[Black "Dreesen, Jan"]
[Result "1-0"]
[WhiteElo "2130"]
[BlackElo "2050"]
[PlyCount "83"]
[EventDate "1994.10.??"]
[EventType "team-tourn"]
[EventRounds "9"]
[EventCountry "GER"]
[SourceTitle "EXT 1999"]
[Source "ChessBase"]
[SourceDate "1998.11.16"]
[SourceVersion "1"]
[SourceVersionDate "1998.11.16"]
[SourceQuality "1"]
[WhiteTeam "Lauingen"]
[BlackTeam "Sonthofen"]
[WhiteTeamCountry "GER"]
[BlackTeamCountry "GER"]

1. e4 d5 2. exd5 Qxd5 3. Nc3 Qa5 4. d4 c6 5. Nf3 Nf6 6. Bd2 Bf5 7. Bc4 Qc7 8. Ne5 e6 9. Qe2 Bd6 10. 0-0-0 0-0 11. g4 Bg6 12. h4 b5 13. Nxg6 hxg6 14. Bd3 Bf4 15. h5 g5 16. Ne4 Bxd2+ 17. Rxd2 Qf4 18. Nxf6+ Qxf6 19. f4 Rd8 20. fxg5 Qxg5 21. h6 g6 22. c3 Nd7 23. h7+ Kg7 24. Qf3 Rac8 25. Kc2 Nf6 26. Rf2 Rf8 27. h8Q+ Rxh8 28. Rhf1 Rc7 29. Qxf6+ Qxf6 30. Rxf6 g5 31. b4 Rh4 32. Be2 a5 33. a3 axb4 34. axb4 Ra7 35. R1f2 Ra2+ 36. Kd3 Rh3+ 37. R6f3 Rxf3+ 38. Rxf3 Kg6 39. Re3 Kf6 40. Bf3 Ra6 41. Re5 Ke7 42. Rxg5 1-0

[Event "Regionalliga SW 9495"]
[Site "Bayern"]
[Date "1995.??.??"]
[Round "?.1"]
[White "Mueller, Heinz1111"]
[Black "Glaser, Wolfgang"]
[Result "1/2-1/2"]
[WhiteElo "2200"]
[BlackElo "2130"]
[PlyCount "86"]
[EventDate "1994.10.??"]
[EventType "team-tourn"]
[EventRounds "9"]
[EventCountry "GER"]
[SourceTitle "EXT 1999"]
[Source "ChessBase"]
[SourceDate "1998.11.16"]
[SourceVersion "1"]
[SourceVersionDate "1998.11.16"]
[SourceQuality "1"]
[WhiteTeam "Obermenzing"]
[BlackTeam "Lauingen"]
[WhiteTeamCountry "GER"]
[BlackTeamCountry "GER"]

1. g3 g6 2. Bg2 Bg7 3. e4 d6 4. d3 c5 5. f4 Nc6 6. c3 e6 7. Nf3 Nge7 8. 0-0 0-0 9. a4 b6 10. Na3 Rb8 11. Bd2 a6 12. Nc2 b5 13. axb5 axb5 14. Kh1 h6 15. Qe2 Qb6 16. Rab1 b4 17. cxb4 Nxb4 18. Bxb4 cxb4 19. Ne3 Nc6 20. Rfc1 Ba6 21. Nc4 Nd4 22. Qf2 Bxc4 23. Rxc4 Nxf3 24. Qxf3 Rfc8 25. f5 Rxc4 26. dxc4 Qd4 27. fxe6 fxe6 28. Qg4 Qxc4 29. Qxg6 Rf8 30. b3 Qc2 31. Qxe6+ Kh8 32. Rf1 Rxf1+ 33. Bxf1 Qf2 34. Qc8+ Qf8 35. Qf5 Qxf5 36. exf5 Bc3 37. Kg2 Kg7 38. Kf3 Kf6 39. Ke4 Be5 40. Bd3 Bc3 41. Bc4 Be1 42. Be6 Bf2 43. Bd5 Bc5 1/2-1/2